000 00704nam a22002417a 4500
999 _c165817
_d165817
005 20190702172036.0
010 _aA-854096
020 _a-
_c55.00
035 _aA-854096
037 _bBPPD/Ven.
_adpl
082 _aک
100 _aعصمت چغتا ئ
245 _aد و ہا تھ
_cعصمت چغتا ئ
_hUrdu
246 _aDo Haat (Urdu)
_bbyAsmath Chughtaiy
250 _a1998
260 _aLahore
_bMaktaba Urdu Adab
270 _aBazar Sathan Indroon Lohari Gate Lahore
300 _a144ص
_c22cm(Hbk)
490 _aJaico illustrated classics series
942 _2ddc
_cUR
_mچ غ ت
_hک